000 00311nam a2200145Ia 4500
008 230312s9999||||xx |||||||||||||| ||und||
020 _a1-61364-508-6
082 _a700.094
_bREM-O
100 _aRemains
245 0 _aOubliette
260 _aUK
_c2011
300 _a72
650 _aArchitecture
942 _cBK
999 _c12048
_d12048